Vrai noms des Super Heros de D.C. - Statistiques

Statistiques générales
  • Ce quiz a été pris 171 fois
  • Le résultat moyen est 20 sur 45
Statistiques - réponses
Hint Réponse % Correct
Batman Bruce Wayne
95%
Superman Kal El/Clark Kent
95%
Flash 2 Barry Allen
85%
Robin 1 (Nightwing) Dick Grayson
76%
Robin 4 (Fils de Batman) Damian Wayne
73%
Robin 2 (Red Hood) Jason Todd
67%
Flash 3 Wally West
67%
Robin 3 (Red Robin) Tim Drake
65%
Green Arrow Oliver Queen
64%
Aquaman Arthur Curry
63%
Wonder Woman Diana Prince
63%
Green Lantern 2 Hal Jordan
63%
Spectre James Corrigan/Crispus Allen/Hal Jordan
63%
Batman (Flashpoint) Thomas Wayne
58%
Flash 1 (Age d'Or) Jay Garrick
56%
Shazam Billy Batson
52%
Cyborg Victor Stone
52%
Constantine John Constantine
50%
Power Girl Kara Zor-El/Karen Starr
49%
Supergirl Kara Zor-El/Linda Lee Danvers
49%
Flash 4 Bart Allen
48%
Green Lantern 3 John Stewart
44%
Black Canary Dinah Lance
42%
Atom 1 Ray Palmer
40%
Superboy Kon-El/Conner Kent
34%
Beast Boy (Changelin) Garfield Logan
33%
Martian Manhunter J'onn J'onzz
33%
Green Lantern 4 Guy Gardner
32%
Hawkman Carter Hall
29%
Dr Fate Kent Nelson
29%
Raven Rachel Roth
29%
Zatanna Zatanna Zatara
29%
Batman (Serie Beyond) Terry McGinnis
26%
Blue Beetle Jaime Reyes
25%
Green Lantern 1 (Age d'Or) Allan Scott
24%
Wonder Girl Donna Troy
24%
Starfire Kory'Ander
22%
Green Lantern 5 Kyle Rayner
22%
Etrigan Jason Blood
20%
Star Sapphire Carol Ferris
17%
Atom 2 Ryan Choi
17%
Swamp Thing Alec Holland
15%
Deadman Boston Brand
11%
Hawkgirl Shiera Sanders
10%
Firestorm Ronnie Raymond-Martin Stein
5%
Aucun quiz correspondant
Distribution des résultats
% des personnes avec chaque résultat
Percentile par nombre de réponses
Votre historique - résultats
Vous n’avez pas pris ce quiz